LEADER 00489nam 2200205zu 450 001 9911053061303321 005 20260114161545.0 010 $a3-7258-5014-3 035 $a(CKB)44955094400041 035 $a(EXLCZ)9944955094400041 100 $a20260114|2025uuuu || | 101 0 $aeng 135 $aur||||||||||| 200 00$aSmart Cities 210 $cMDPI$d2025 311 08$a3-7258-5013-5 906 $aBOOK 912 $a9911053061303321 996 $aSmart Cities$93584983 997 $aUNINA